000 00723nam a2200229Ia 4500
001 2131
005 20240113233529.0
007 ta
008 050221s1913 a g b000 u eng u
040 _aRef. stack
041 _aeng
082 _a571.9
_bIn 2 An
110 _aGovenment of India .
245 0 _aAnnual progress report of the superintendent, Muhammadan and British monuments, NOrthern circle for the year 31st march 1913 /
_cGovernment of India.
_hReports
250 _a1st ed /
260 _aAllahabad :
_bGovernment press ,
_c1913.
300 _a56p. :
_bill ;
_c32cm .
653 _aReport - Muhammadan and British monuments - Northern circle
942 _2ddc
_cBK
999 _c2124
_d2124